Quiz o historii Polski - Statystyki

Ogólne statystyki
  • Ten quiz został rozwiązany 557 razy
  • Średni wynik to 12 z 15
Statystyki odpowiedzi
Zagadnienie Odpowiedź % Poprawnych
Kiedy mieszko I przyjął chrzest 966
100%
Kto to Stefan Czarniecki Hetman
100%
Polski papież jaki to Jan Paweł II
100%
Jaki prezydent Polski zginął w Smoleńsku Kaczyński
100%
Jakie zwierzęta lubi Kaczyński Koty
100%
Rozbiory polski kto rozbierał Polskę Rosja prusy Austria
100%
Kto wprowadził stan wojeny w polsce Wojciech Jaruzelski
100%
Kiedy był zjazd w Gnieźnie 1000r
67%
Jaki polski dywizjon należy do polski w bitwie o Anglię 303
67%
Kogo nie lubiliśmy podaczas 2 wojny światowej najbardziej III RZESZA
67%
Jaki król polski uchronił Wiednia od imperium osmańskie Jan Sobieski III
67%
Polski marszałek Józef Piłsudski
67%
jaki jest polski czołg Rudy 102
67%
Jakie Polskie powstanie sie udało Wielkopolskie
67%
Kto zaatakował Wiedeń(wtedy kiedy polska pomogła) Imperium osmańskie
0%
Nie znaleziono quizów pasujących do podanych kryteriów
Rozkład punktacji
Procent ludzi z każdym wynikiem
Percentyl według liczby udzielonych odpowiedzi
Twoja historia wyników
Nie rozwiązałeś tego quizu